|
|
|
|
| LEADER |
00900nam a22001817a 4500 |
| 008 |
190402b xxu||||| |||| 00| 0 eng d |
| 999 |
|
|
|c 26197
|d 26197
|
| 082 |
|
|
|a 894.107
|b ANI
|
| 100 |
|
|
|a അനില്കുമാര്, ടി. കെ.
|
| 240 |
|
|
|a Malayalasahithyathile keezhala pariprekshyam
|
| 245 |
|
|
|a മലയാളസാഹിത്യത്തിലെ കീഴാള പരിപ്രേക്ഷ്യം /
|c ടി. കെ. അനില്കുമാര്
|
| 250 |
|
|
|a 1st ed.
|
| 260 |
|
|
|a തൃശൂര് :
|b കേരള സാഹിത്യ അക്കാദമി,
|c 2004.
|
| 300 |
|
|
|a 108p.
|
| 650 |
|
|
|a കീഴാളവായന
|
| 700 |
|
|
|a Anilkumar, T. K.
|
| 942 |
|
|
|2 ddc
|c BK
|
| 952 |
|
|
|0 0
|1 0
|2 ddc
|4 0
|6 894_107000000000000_ANI
|7 0
|9 35885
|a MAIN
|b MAIN
|d 2019-04-02
|e Progress Publications
|g 60.00
|l 1
|m 1
|o 894.107 ANI
|p 34839
|r 2019-10-18
|s 2019-09-02
|t 1
|w 2019-04-02
|y BK
|